000 00716nam a22002417a 4500
003 UA-OsUOA
001 81770
007 ta
008 20120207b un ||||| |||| 00| 0 ukr d
100 _aКостенко Н.В.
090 _a82.09(477)
_bК72
942 _cBK
040 _aUA-OsUOA
_bukr
_cUA-OsUOA
_dUA-OsUOA
245 _aМикола Бажан. Життя і творчість. Особливості віршостилістики
_bмонографія
300 _a381 с.
955 _a1
041 _aukr
080 _a82.09(477)
020 _a966-7161-62-5
260 _aК.
_bКий
_c2004
650 7 _a82 Література. Літературознавство
_2UDC
999 _c368077
_d368077